Rozsah krytia poistených rizík netreba podceňovať

Špecifiká poistenia podnikateľov v oblasti maloobchodu. Kríza a záujem podnikateľov o poistenie.

Na minha lista:
Detalhes bibliográficos
Autor principal: Palfiová, Anna
Formato: Capítulo de Livro
Idioma:eslovaco
Assuntos:
Tags: Adicionar Tag
Sem tags, seja o primeiro a adicionar uma tag!

MARC

LEADER 00000naa a2200000 4500
001 0145899
005 20231208065143.1
041 0 |a slo 
044 |a SK 
245 1 0 |a Rozsah krytia poistených rizík netreba podceňovať  |c Anna Palfiová 
520 |a Špecifiká poistenia podnikateľov v oblasti maloobchodu. Kríza a záujem podnikateľov o poistenie. 
610 2 0 |a maloobchod 
610 2 0 |a poistenie 
610 2 0 |a riziko poistné 
610 2 0 |a kríza hospodárska 
100 1 |a Palfiová, Anna